[Event "Grand Masters/Experts-ch"]
[Site "Lansing"]
[Date "1999.01.10"]
[Round "4"]
[White "Parker, Harvard"]
[Black "Al Shareef, Robert"]
[Result "0-1"]
[WhiteElo "1635"]
[BlackElo "1770"]
[PlyCount "142"]
[EventDate "1999.??.??"]
[EventType "swiss"]
[EventRounds "5"]
[EventCountry "USA"]
[SourceTitle "EXT 2007"]
[Source "ChessBase"]
[SourceDate "2006.11.23"]
[SourceVersion "1"]
[SourceVersionDate "2006.11.23"]
[SourceQuality "1"]

1. e4 c5 2. Nc3 Nc6 3. f4 g6 4. Nf3 Bg7 5. Bc4 e6 6. f5 Nge7 7. fxe6 dxe6 8. d3 0-0 9. 0-0 Na5 10. Qe1 Nec6 11. Bg5 f6 12. Be3 b6 13. Qh4 Nd4 14. Rac1 Nxc4 15. dxc4 Bb7 16. Rcd1 Nxf3+ 17. Rxf3 Qe7 18. Rh3 Bh8 19. Rf1 Rf7 20. Re1 f5 21. exf5 Qxh4 22. Rxh4 Rxf5 23. Rd1 Raf8 24. Bh6 Bd4+ 25. Rhxd4 cxd4 26. Bxf8 dxc3 27. Ba3 Ba6 28. b3 Ra5 29. Bb4 Rxa2 30. Bxc3 Rxc2 31. Rd8+ Kf7 32. Bb4 Kf6 33. Rd7 Rc1+ 34. Kf2 Rb1 35. Rxa7 Bxc4 36. Be7+ Kf5 37. bxc4 Rb2+ 38. Ke3 Rxg2 39. Bd6 e5 40. Rxh7 Rg4 41. Kd3 Rd4+ 42. Ke3 Rxd6 43. Rc7 g5 44. c5 bxc5 45. Rxc5 Rh6 46. Kf2 Rxh2+ 47. Kg3 Rh4 48. Rb5 Rd4 49. Rb8 Rd3+ 50. Kf2 e4 51. Rf8+ Kg4 52. Re8 Rf3+ 53. Ke2 Rf4 54. Re5 Kh4 55. Ke3 Rg4 56. Re8 Kg3 57. Rg8 Kg2 58. Ra8 Kh2 59. Rh8+ Rh4 60. Rg8 g4 61. Kf2 g3+ 62. Kf1 Rf4+ 63. Ke1 g2 64. Rh8+ Kg3 65. Rg8+ Rg4 66. Rxg4+ Kxg4 67. Kf2 Kh3 68. Kg1 Kg4 69. Kxg2 Kg5 70. Kg3 Kf5 71. Kf2 Kf4 0-1

[Event "Grand Masters/Experts-ch"]
[Site "Lansing"]
[Date "1999.01.09"]
[Round "3"]
[White "Parker, Harvard"]
[Black "Anderson, Gale"]
[Result "1-0"]
[WhiteElo "1635"]
[BlackElo "1750"]
[PlyCount "81"]
[EventDate "1999.??.??"]
[EventType "swiss"]
[EventRounds "5"]
[EventCountry "USA"]
[SourceTitle "EXT 2007"]
[Source "ChessBase"]
[SourceDate "2006.11.23"]
[SourceVersion "1"]
[SourceVersionDate "2006.11.23"]
[SourceQuality "1"]

1. e4 e6 2. d4 d5 3. e5 c5 4. Qg4 Nd7 5. Nf3 cxd4 6. Bd3 Qa5+ 7. Nbd2 Nc5 8. Qxd4 Nxd3+ 9. Qxd3 Bd7 10. Nd4 Ne7 11. 0-0 Rc8 12. N2f3 a6 13. Bd2 Qc7 14. b3 g6 15. Rac1 Nc6 16. Nxc6 Bxc6 17. c4 Rd8 18. Qe3 Bg7 19. Bb4 h5 20. Bd6 Qa5 21. cxd5 Bh6 22. Qc3 Qxd5 23. Rcd1 Qe4 24. Rd4 Qe2 25. Re1 Qb5 26. a4 Qb6 27. Red1 Ra8 28. h3 a5 29. Bc5 Qc7 30. Bd6 Qc8 31. Bc5 Bd5 32. R4d3 Bf4 33. Bd6 f6 34. Qd4 fxe5 35. Bxe5 Bxe5 36. Qxe5 Kf7 37. Ng5+ Kg8 38. Rc3 Qe8 39. Rc7 Qf8 40. Rxd5 Re8 41. Rdd7 1-0